000 00546nam a2200193Ia 4500
008 131103s9999 xx 000 0 und d
020 _a81 259 1154 5
040 _aLoreto College
041 _aEnglish
082 _a371.3/CHA
_bLCBED/14447
100 _aChadha, Anupriya
245 2 _aA guide to educating children
_b with learning disabilities
_cAnupriya Chadha
260 _aNew Delhi
_bVikas
_c2007
300 _avii,157p.
_b ill.
_c 23cm.
504 _aIncludes index
650 _aEducation
850 _aLCBED/371.3/CHA
942 _cBK
999 _c26142
_d76621